Vaticano II, el Concilio de la nueva era / (Record no. 132619)

MARC details
000 -LEADER
campo de control de longitud fija 00724nam a2200217 i 4500
001 - NÚMERO DE CONTROL
campo de control 132619
003 - IDENTIFICADOR DE NÚMERO DE CONTROL
campo de control ES-MaACL
005 - FECHA Y HORA DE LA ÚLTIMA TRANSACCIÓN
campo de control 20230906194220.0
007 - CAMPO FIJO DE DESCRIPCIÓN FÍSICA--INFORMACIÓN GENERAL
campo de control de longitud fija t|
008 - DATOS DE LONGITUD FIJA--INFORMACIÓN GENERAL
campo de control de longitud fija 070214s1970 sp r ||||1| spa d
100 1# - ENTRADA PRINCIPAL--NOMBRE DE PERSONA
Nombre de persona Rondet, Henri.
9 (RLIN) 99509
245 10 - MENCIÓN DEL TÍTULO
Título Vaticano II, el Concilio de la nueva era /
Mención de responsabilidad, etc. Enrique Rondet ; [versión... por el P. José Mª Llanos].
260 ## - PUBLICACIÓN, DISTRIBUCIÓN, ETC.
Lugar de publicación, distribución, etc. Bilbao :
Nombre del editor, distribuidor, etc. Desclée de Brouwer,
Fecha de publicación, distribución, etc. 1970.
300 ## - DESCRIPCIÓN FÍSICA
Extensión 260 p. ;
Dimensiones 20 cm.
490 1# - MENCIÓN DE SERIE
Mención de serie Nueva biblioteca de teología ;
Designación de volumen o secuencia 12
611 24 - PUNTO DE ACCESO ADICIONAL DE MATERIA--NOMBRE DE REUNIÓN/CONGRESO
Nombre de congreso/reunión o jurisdicción como elemento de entrada Concilio Vaticano (
Número del congreso/reunión o número de parte o sección 2º.
Fecha del congreso o de la firma del tratado 1962-1965)
9 (RLIN) 122
700 1# - ENTRADA AGREGADA--NOMBRE PERSONAL
Nombre de persona Llanos, José María de.
9 (RLIN) 72709
830 1# - PUNTO DE ACCESO ADICIONAL DE SERIE-TÍTULO UNIFORME
Título uniforme Nueva biblioteca de teología ;
Designación de volumen o secuencia 12
9 (RLIN) 181370
852 ## - LOCALIZACIÓN
Ubicación ES-MaACL
Número de control de estantería C-39792
Holdings
Estatus retirado Estado de pérdida Estado de daño No para préstamo Biblioteca de origen Biblioteca actual Ubicación en estantería Fecha de adquisición Fuente de adquisición Total de préstamos Signatura topográfica completa Código de barras Visto por última vez Precio de reemplazo Tipo de ítem Koha
        Biblioteca del Ateneo de Madrid Biblioteca del Ateneo de Madrid Depósito 2 17/01/2008     C-39792 1138070 23/02/2023 23/02/2023 Libro impreso